[Event "Titled Tuesday intern op 02nd Apr Early"]
[Site "Chess.com INT"]
[Date "2024.04.02"]
[Round "8"]
[White "Fiedorek, Michal"]
[Black "Bochnicka, Vladimir1"]
[Result "0-1"]
[WhiteElo "2310"]
[BlackElo "2421"]
[PlyCount "74"]
[EventDate "2024.04.02"]
[EventType "swiss (blitz)"]
[EventRounds "11"]
[EventCountry "USA"]
[SourceTitle "CB15_2024"]
[SourceDate "2024.04.10"]
[SourceVersion "1"]
[SourceVersionDate "2024.04.10"]
[SourceQuality "1"]

1. e4 e5 2. Nf3 Nc6 3. Bb5 a6 4. Ba4 Nf6 5. 0-0 b5 6. Bb3 Bc5 7. a4 Rb8 8. c3 d6 9. d4 Bb6 10. Qd3 0-0 11. Bg5 h6 12. Bh4 exd4 13. cxd4 g5 14. Bg3 Nb4 15. Qd2 c5 16. dxc5 Bxc5 17. e5 Ne4 18. Qc1 Nxg3 19. hxg3 Bf5 20. exd6 Rc8 21. Nc3 Qxd6 22. Rd1 Qxg3 23. Nd4 Nd3 24. fxg3 Bxd4+ 25. Kh2 Nxc1 26. Raxc1 Bg7 27. Nd5 Rxc1 28. Rxc1 Kh8 29. axb5 axb5 30. Rc7 Be6 31. Rb7 Bxb2 32. Rxb5 Bd4 33. Bc2 Rc8 34. Be4 Rc1 35. Ne7 Bg1+ 36. Kh1 Bc5+ 37. Kh2 Bxe7 0-1

[Event "Titled Tuesday intern op 12th Mar Late"]
[Site "Chess.com INT"]
[Date "2024.03.12"]
[Round "9"]
[White "Fiedorek, Michal"]
[Black "Buenafe Moya, Javier"]
[Result "1-0"]
[WhiteElo "2286"]
[BlackElo "2163"]
[PlyCount "47"]
[EventDate "2024.03.12"]
[EventType "swiss (blitz)"]
[EventRounds "11"]
[EventCountry "USA"]
[SourceTitle "CB12_2024"]
[SourceDate "2023.10.01"]
[SourceVersion "1"]
[SourceVersionDate "2023.10.01"]
[SourceQuality "1"]

1. e4 e5 2. Nf3 Nc6 3. Bb5 a6 4. Ba4 d6 5. c3 Bd7 6. 0-0 g5 7. d4 g4 8. Ne1 h5 9. d5 Nce7 10. Bxd7+ Qxd7 11. f3 Bh6 12. Na3 f5 13. exf5 Nxf5 14. fxg4 Ne3 15. Bxe3 Bxe3+ 16. Kh1 hxg4 17. Qd3 Bf4 18. Qg6+ Kd8 19. Nd3 Ne7 20. Qf6 Rxh2+ 21. Kg1 Rh6 22. Qf8+ Qe8 23. Nxf4 exf4 24. Qxh6 1-0

[Event "Titled Tuesday intern op 12th Mar Late"]
[Site "Chess.com INT"]
[Date "2024.03.12"]
[Round "8"]
[White "Figorito, Nick"]
[Black "Fiedorek, Michal"]
[Result "0-1"]
[WhiteElo "2036"]
[BlackElo "2286"]
[PlyCount "78"]
[EventDate "2024.03.12"]
[EventType "swiss (blitz)"]
[EventRounds "11"]
[EventCountry "USA"]
[SourceTitle "CB12_2024"]
[SourceDate "2023.10.01"]
[SourceVersion "1"]
[SourceVersionDate "2023.10.01"]
[SourceQuality "1"]

1. Nf3 Nf6 2. g3 g6 3. Bg2 Bg7 4. 0-0 0-0 5. c4 d6 6. Nc3 Nc6 7. d3 e5 8. Rb1 a5 9. a3 Bg4 10. b4 axb4 11. axb4 Ne8 12. b5 Ne7 13. Bg5 f6 14. Bd2 c6 15. Ne1 Kh8 16. Nc2 d5 17. bxc6 bxc6 18. cxd5 cxd5 19. d4 e4 20. Ne3 Be6 21. Nb5 f5 22. Bb4 Rb8 23. Na7 Nd6 24. Ba3 f4 25. Nc2 Rxb1 26. Qxb1 Nc4 27. Rd1 Bg4 28. Bxe7 Qxe7 29. Nc6 Qd6 30. Ne5 Nxe5 31. dxe5 Qxe5 32. Nd4 e3 33. f3 Bd7 34. g4 Ba4 35. Rd3 Rb8 36. Qa1 Bb5 37. Rd1 Bxe2 38. Nxe2 Qxa1 39. Rxa1 Bxa1 0-1

[Event "Cappelle op 40th"]
[Site "Cappelle la Grande"]
[Date "2024.03.05"]
[Round "5"]
[White "Girel, Joseph"]
[Black "Fiedorek, Michal"]
[Result "1/2-1/2"]
[WhiteElo "2486"]
[BlackElo "2286"]
[PlyCount "84"]
[EventDate "2024.03.02"]
[EventType "swiss"]
[EventRounds "9"]
[EventCountry "FRA"]
[SourceTitle "CB11_2024"]
[SourceDate "2024.03.13"]
[SourceVersion "1"]
[SourceVersionDate "2024.03.13"]
[SourceQuality "1"]

1. e4 e5 2. Nf3 Nc6 3. Bb5 a6 4. Ba4 Nf6 5. 0-0 Be7 6. d3 b5 7. Bb3 0-0 8. Nc3 d6 9. a3 Nb8 10. Ne2 c5 11. Ng3 Nc6 12. c3 Be6 13. Bc2 d5 14. Ng5 Bg4 15. f3 Bc8 16. f4 dxe4 17. N3xe4 Nxe4 18. Nxe4 f5 19. Ng3 Bd6 20. Qf3 Qc7 21. b4 cxb4 22. Bb3+ Kh8 23. axb4 Bb7 24. Qf2 a5 25. bxa5 Nxa5 26. Be6 Rae8 27. Ba2 exf4 28. Bxf4 Bxf4 29. Qxf4 Qxc3 30. Rac1 Qxd3 31. Rc7 Qe3+ 32. Qxe3 Rxe3 33. Rxf5 Re1+ 34. Kf2 Ree8 35. Rcc5 g6 36. Rxf8+ Rxf8+ 37. Ke3 Re8+ 38. Kf2 Rf8+ 39. Ke3 Re8+ 40. Kf2 Bc6 41. Ne2 Rf8+ 42. Ke3 Re8+ 1/2-1/2

[Event "Titled Tuesday intern op 09th Jan Early"]
[Site "Chess.com INT"]
[Date "2024.01.09"]
[Round "6"]
[White "Fiedorek, Michal"]
[Black "Vincenti, Leonardo"]
[Result "0-1"]
[WhiteElo "2286"]
[BlackElo "2071"]
[PlyCount "78"]
[EventDate "2024.01.09"]
[EventType "swiss (blitz)"]
[EventRounds "11"]
[EventCountry "USA"]
[SourceTitle "CB03_2024"]
[SourceDate "2024.01.17"]
[SourceVersion "1"]
[SourceVersionDate "2024.01.17"]
[SourceQuality "1"]

1. e4 e5 2. Nf3 Nf6 3. Nxe5 d6 4. Nf3 Nxe4 5. Nc3 Nxc3 6. dxc3 Be7 7. Be3 Bf6 8. Qd2 a5 9. 0-0-0 a4 10. a3 Qe7 11. h4 Qe6 12. Kb1 h6 13. Nd4 Qd5 14. Be2 Nc6 15. Bf3 Qc4 16. Nxc6 bxc6 17. Qd3 Qxd3 18. Bxc6+ Bd7 19. Bxd7+ Kxd7 20. cxd3 Rab8 21. Kc2 Rb3 22. Rb1 Rhb8 23. g4 d5 24. g5 hxg5 25. hxg5 Be5 26. f4 Bd6 27. f5 g6 28. fxg6 fxg6 29. Bd4 c5 30. Bf6 Re8 31. Rbe1 Reb8 32. Rh7+ Kc6 33. c4 d4 34. Rb1 Re8 35. Kd2 Bf4+ 36. Kc2 Re2+ 37. Kd1 Rd2+ 38. Ke1 Rbxd3 39. Rg7 Rh3 0-1

[Event "POL-ch sf"]
[Site "Karpacz"]
[Date "2023.12.09"]
[Round "6"]
[White "Fiedorek, Michal"]
[Black "Brzezina, Piotr"]
[Result "1-0"]
[WhiteElo "2309"]
[BlackElo "2052"]
[PlyCount "99"]
[EventDate "2023.12.04"]
[EventType "swiss"]
[EventRounds "9"]
[EventCountry "POL"]
[SourceTitle "CB50_2023"]
[SourceDate "2023.12.13"]
[SourceVersion "1"]
[SourceVersionDate "2023.12.13"]
[SourceQuality "1"]

1. e4 e5 2. Nf3 Nc6 3. Bb5 a6 4. Ba4 Nf6 5. 0-0 b5 6. Bb3 Be7 7. d3 d6 8. Bd2 0-0 9. h3 h6 10. a4 Rb8 11. axb5 axb5 12. Nc3 Be6 13. Nd5 Qc8 14. Re1 Bd8 15. Ra3 Bxd5 16. exd5 Ne7 17. c4 Nf5 18. Qc1 Nd7 19. cxb5 Nb6 20. Qc2 Qb7 21. d4 Nxd4 22. Nxd4 exd4 23. Qe4 Nd7 24. Bxh6 Nc5 25. Qg4 Bf6 26. Bc2 d3 27. Bxd3 Rfe8 28. Rd1 Bxb2 29. Bf5 Kf8 30. Bg5 g6 31. Bh6+ Kg8 32. Rg3 c6 33. bxc6 Qe7 34. Bxg6 fxg6 35. Qxg6+ Kh8 36. Bf4 Ne4 37. Rg4 Rg8 38. Qh6+ Qh7 39. Rxg8+ Rxg8 40. Qxh7+ Kxh7 41. Rb1 Ba3 42. Be3 Bc5 43. Rb7+ Kg6 44. Re7 Bxe3 45. Rxe4 Bb6 46. Rg4+ Kf7 47. Rxg8 Kxg8 48. Kf1 Kf7 49. f4 Ke7 50. Ke2 1-0

[Event "POL-ch sf"]
[Site "Karpacz"]
[Date "2023.12.07"]
[Round "4"]
[White "Fiedorek, Michal"]
[Black "Golis, Wiktor"]
[Result "1-0"]
[WhiteElo "2309"]
[BlackElo "1977"]
[PlyCount "45"]
[EventDate "2023.12.04"]
[EventType "swiss"]
[EventRounds "9"]
[EventCountry "POL"]
[SourceTitle "CB50_2023"]
[SourceDate "2023.12.13"]
[SourceVersion "1"]
[SourceVersionDate "2023.12.13"]
[SourceQuality "1"]

1. e4 c6 2. d4 d5 3. f3 Qb6 4. Nc3 dxe4 5. Bc4 Nf6 6. fxe4 e5 7. dxe5 Ng4 8. Qe2 Nxe5 9. Bb3 Nbd7 10. Nf3 Be7 11. Bf4 Bf6 12. Rf1 0-0 13. 0-0-0 Qc7 14. Kb1 b5 15. g4 g6 16. Qf2 a5 17. a4 bxa4 18. Nxa4 Qa7 19. Be3 Qc7 20. Nxe5 Bxe5 21. Bh6 Ba6 22. Qxf7+ Rxf7 23. Rxf7 1-0

[Event "POL-ch U20"]
[Site "Chotowa"]
[Date "2023.10.31"]
[Round "9"]
[White "Stachowicz, Hubert"]
[Black "Fiedorek, Michal"]
[Result "1/2-1/2"]
[WhiteElo "1583"]
[BlackElo "2334"]
[PlyCount "130"]
[EventDate "2023.10.24"]
[EventType "swiss"]
[EventRounds "9"]
[EventCountry "POL"]
[SourceTitle "Mega2024 Update 01"]
[Source "Chessbase"]
[SourceDate "2023.11.12"]
[SourceVersion "1"]
[SourceVersionDate "2023.11.12"]
[SourceQuality "1"]
[WhiteTeam "Poland"]
[BlackTeam "Poland"]
[WhiteTeamCountry "POL"]
[BlackTeamCountry "POL"]

1. d4 Nf6 2. c4 g6 3. Nc3 Bg7 4. e4 d6 5. f3 0-0 6. Be3 Nbd7 7. Nge2 a6 8. Ng3 h5 9. Bd3 c6 10. Qd2 b5 11. 0-0 bxc4 12. Bxc4 d5 13. Bb3 h4 14. Nge2 Nb6 15. Nf4 a5 16. e5 Nh7 17. Qf2 Bf5 18. Na4 Nxa4 19. Bxa4 c5 20. dxc5 Bxe5 21. Rad1 e6 22. Nd3 Bg7 23. Bf4 Bxd3 24. Rxd3 e5 25. Bc1 d4 26. b3 Qe7 27. c6 Rfc8 28. Qe2 h3 29. Re1 Re8 30. c7 Rec8 31. f4 Rxc7 32. Bb2 e4 33. Qxe4 Qxe4 34. Rxe4 Rc2 35. Bxd4 Rxg2+ 36. Kh1 f5 37. Re1 Bxd4 38. Rxd4 Rxa2 39. Rd3 Nf6 40. Rxh3 Ne4 41. Rhe3 Rc8 42. Bb5 Rcc2 43. R1e2 Kg7 44. Rxc2 Rxc2 45. Re2 Rxe2 46. Bxe2 Nd2 47. Bd1 Kf6 48. Kg2 Ke6 49. Bc2 Kd5 50. h4 Kd4 51. h5 gxh5 52. Bxf5 Ke3 53. Bg6 Kxf4 54. Bxh5 Ke3 55. Bf7 Kd3 56. Kf2 Kc3 57. Ke2 Nxb3 58. Be8 Nd2 59. Kd1 Nc4 60. Kc1 Nd6 61. Ba4 Kb4 62. Bd7 Ne4 63. Be8 Nc5 64. Kb2 a4 65. Bxa4 Nxa4+ 1/2-1/2

[Event "POL-ch U20"]
[Site "Chotowa"]
[Date "2023.10.25"]
[Round "3"]
[White "Fiedorek, Michal"]
[Black "Janeczko, Jakub"]
[Result "1/2-1/2"]
[WhiteElo "2334"]
[BlackElo "2280"]
[PlyCount "94"]
[EventDate "2023.10.24"]
[EventType "swiss"]
[EventRounds "9"]
[EventCountry "POL"]
[SourceTitle "Mega2024 Update 01"]
[Source "Chessbase"]
[SourceDate "2023.11.12"]
[SourceVersion "1"]
[SourceVersionDate "2023.11.12"]
[SourceQuality "1"]

1. e4 Nf6 2. e5 Nd5 3. d4 d6 4. Nf3 dxe5 5. Nxe5 g6 6. Be2 Bg7 7. 0-0 0-0 8. Nf3 Nc6 9. Re1 Nb6 10. c3 e5 11. dxe5 Nxe5 12. Qxd8 Rxd8 13. Bg5 Re8 14. Nbd2 Bf5 15. Nxe5 Rxe5 16. Bf4 Re7 17. Bf3 Rxe1+ 18. Rxe1 c6 19. Nb3 Na4 20. Re7 Nxb2 21. Rxb7 Bxc3 22. Bxc6 Nd3 23. Bg5 Be6 24. Be4 Ne5 25. Rc7 Rc8 26. Rxa7 f5 27. Bb7 Rc7 28. Be3 Rd7 29. h3 Nc4 30. Bf3 Nxe3 31. Rxd7 Bxd7 32. fxe3 Be6 33. Kf2 Kf7 34. Ke2 Bc4+ 35. Kd1 Bxb3+ 36. axb3 Ke6 37. Kc2 Ba5 38. Kd3 Ke5 39. e4 fxe4+ 40. Bxe4 Be1 41. Bf3 h5 42. Kc4 h4 43. b4 Kd6 44. Kb5 Kc7 45. Kc5 g5 46. b5 Bf2+ 47. Kd5 Be3 1/2-1/2

[Event "POL-ch U20"]
[Site "Chotowa"]
[Date "2023.10.24"]
[Round "1"]
[White "Fiedorek, Michal"]
[Black "Zielonka, Adam"]
[Result "1-0"]
[WhiteElo "2334"]
[BlackElo "2059"]
[PlyCount "27"]
[EventDate "2023.10.24"]
[EventType "swiss"]
[EventRounds "9"]
[EventCountry "POL"]
[SourceTitle "Mega2024 Update 01"]
[Source "Chessbase"]
[SourceDate "2023.11.12"]
[SourceVersion "1"]
[SourceVersionDate "2023.11.12"]
[SourceQuality "1"]

1. e4 e5 2. Nf3 Nc6 3. Bc4 Bc5 4. c3 Nf6 5. d3 0-0 6. Bb3 d5 7. Qe2 dxe4 8. dxe4 Qe7 9. Nbd2 Nh5 10. g3 Bh3 11. Nc4 Nf6 12. Ne3 Ng4 13. Ng1 Bxe3 14. fxe3 1-0

[Event "POL-chT 1st League"]
[Site "Leba"]
[Date "2023.09.23"]
[Round "1.2"]
[White "Rozycki, Bartlomiej"]
[Black "Fiedorek, Michal"]
[Result "1/2-1/2"]
[WhiteElo "2181"]
[BlackElo "2334"]
[PlyCount "80"]
[EventDate "2023.09.23"]
[EventType "team-swiss"]
[EventRounds "9"]
[EventCountry "POL"]
[SourceTitle "EXT 2024"]
[Source "ChessBase"]
[SourceDate "2023.10.10"]
[SourceVersion "1"]
[SourceVersionDate "2023.10.10"]
[SourceQuality "1"]
[WhiteTeam "Chylice Laura"]
[BlackTeam "Bydgoszcz Energia Gwiazda"]
[WhiteTeamCountry "POL"]
[BlackTeamCountry "POL"]

1. e4 c6 2. c4 d5 3. cxd5 cxd5 4. exd5 Nf6 5. Bb5+ Nbd7 6. Nc3 g6 7. d4 Bg7 8. d6 exd6 9. Qe2+ Qe7 10. Bf4 a6 11. Bxd6 Qxe2+ 12. Bxe2 Nb6 13. Nf3 Be6 14. Rc1 Bh6 15. Rd1 Nbd5 16. Nxd5 Nxd5 17. 0-0 Rc8 18. Bd3 Kd7 19. Bg3 f6 20. Rfe1 Rhe8 21. Be4 Bg8 22. h4 Re7 23. Bb1 Rxe1+ 24. Nxe1 Be6 25. Nd3 b6 26. a3 Bg4 27. f3 Bf5 28. Bf2 a5 29. g4 Bxd3 30. Bxd3 Rc1 31. Rf1 Rxf1+ 32. Kxf1 Bc1 33. a4 Bxb2 34. h5 Nf4 35. hxg6 hxg6 36. Bc4 Kd6 37. Bg3 g5 38. Bxf4+ gxf4 39. Ke2 Bxd4 40. Kd3 Ke5 1/2-1/2

[Event "Titled Tuesday intern op 19th Sep Late"]
[Site "Chess.com INT"]
[Date "2023.09.19"]
[Round "3"]
[White "Fiedorek, Michal"]
[Black "Fernandez, Gerardo"]
[Result "0-1"]
[WhiteElo "2334"]
[BlackElo "2181"]
[PlyCount "66"]
[EventDate "2023.09.19"]
[EventType "swiss (blitz)"]
[EventRounds "11"]
[EventCountry "USA"]
[SourceTitle "EXT 2024"]
[Source "ChessBase"]
[SourceDate "2023.10.10"]
[SourceVersion "1"]
[SourceVersionDate "2023.10.10"]
[SourceQuality "1"]

1. e4 e6 2. d4 d5 3. Nc3 Nc6 4. Nf3 Nf6 5. e5 Ne4 6. Bd3 Bb4 7. 0-0 Nxc3 8. bxc3 Bxc3 9. Ba3 a5 10. Rb1 Bb4 11. Bc1 b6 12. c3 Be7 13. c4 Nb4 14. cxd5 Nxd3 15. d6 cxd6 16. Qxd3 Ba6 17. Qe4 d5 18. Qg4 Bxf1 19. Qxg7 Bd3 20. Qxh8+ Kd7 21. Qxd8+ Bxd8 22. Rb3 Bc4 23. Rb2 b5 24. h4 Be7 25. Rc2 Rc8 26. h5 Bxa2 27. Rxc8 Kxc8 28. g4 b4 29. g5 b3 30. Ne1 Bb1 31. f4 a4 32. Kf2 a3 33. Ke3 b2 0-1

[Event "Katowice POL-HUN 10th"]
[Site "Katowice"]
[Date "2023.09.09"]
[Round "3"]
[White "Klekowski, Maciej"]
[Black "Fiedorek, Michal"]
[Result "1-0"]
[WhiteElo "2477"]
[BlackElo "2334"]
[PlyCount "91"]
[EventDate "2023.09.09"]
[EventType "swiss (rapid)"]
[EventRounds "9"]
[EventCountry "POL"]
[SourceTitle "EXT 2024"]
[Source "ChessBase"]
[SourceDate "2023.10.10"]
[SourceVersion "1"]
[SourceVersionDate "2023.10.10"]
[SourceQuality "1"]

1. c4 e6 2. Nf3 d5 3. e3 Nf6 4. b3 Be7 5. Bb2 0-0 6. g3 c5 7. Bg2 Nc6 8. 0-0 b6 9. d3 Ba6 10. Nc3 Rc8 11. Qe2 Qd7 12. Rfd1 Rfd8 13. Rac1 Qe8 14. h3 h6 15. Qe1 Bf8 16. e4 d4 17. Ne2 e5 18. Nh4 b5 19. f4 bxc4 20. bxc4 Rb8 21. Ba1 Bc8 22. Qd2 a5 23. Nf3 a4 24. f5 a3 25. g4 Qe7 26. Ng3 Qa7 27. Kh1 Qa5 28. Qe2 Bd7 29. Rg1 Rb4 30. g5 hxg5 31. Nxg5 Rdb8 32. Nh5 Ne8 33. Nf4 exf4 34. e5 Bxf5 35. Qh5 Bg6 36. Qxg6 fxg6 37. Bd5+ Kh8 38. Rg4 Nf6 39. exf6 gxf6 40. Rh4+ Bh6 41. Rxh6+ Kg7 42. Rh7+ Kf8 43. Rf7+ Kg8 44. Ra7+ Kf8 45. Ne6+ Ke8 46. Bxc6# 1-0

[Event "Suwalki Warakomska Memorial 7th"]
[Site "Suwalki"]
[Date "2023.08.10"]
[Round "5"]
[White "Fiedorek, Michal"]
[Black "Kaczmarek, Aleksander"]
[Result "1/2-1/2"]
[WhiteElo "2351"]
[BlackElo "2262"]
[PlyCount "99"]
[EventDate "2023.08.07"]
[EventType "swiss"]
[EventRounds "9"]
[EventCountry "POL"]
[SourceTitle "CBM 215 Extra"]
[Source "ChessBase"]
[SourceDate "2023.09.30"]
[SourceVersion "1"]
[SourceVersionDate "2023.09.30"]
[SourceQuality "1"]

1. e4 c6 2. d4 d5 3. e5 c5 4. Nf3 Bg4 5. dxc5 e6 6. Bb5+ Nd7 7. b4 Ne7 8. Bb2 a5 9. a3 Nc6 10. Bxc6 bxc6 11. 0-0 Qb8 12. Qd4 Bxf3 13. gxf3 g6 14. f4 Bg7 15. c4 f6 16. cxd5 fxe5 17. Qe3 cxd5 18. c6 Nb6 19. Nd2 d4 20. Qh3 Ke7 21. fxe5 Qxe5 22. Nf3 Qd5 23. Rad1 e5 24. Rfe1 Kf7 25. Ng5+ Kg8 26. bxa5 h6 27. Ne6 Nc4 28. Nc7 Qxc6 29. Nxa8 Nxb2 30. Rc1 Qf6 31. Nc7 d3 32. a6 d2 33. Qb3+ Qf7 34. Qxf7+ Kxf7 35. Rb1 dxe1Q+ 36. Rxe1 Nc4 37. Rb1 e4 38. a7 Bd4 39. a8Q Rxa8 40. Nxa8 e3 41. fxe3 Bxe3+ 42. Kh1 Nxa3 43. Rb3 Bc5 44. Nc7 Bd6 45. Rf3+ Ke7 46. Re3+ Kf7 47. Nd5 Nc4 48. Re2 g5 49. Kg2 Ne5 50. Nc3 1/2-1/2

[Event "Suwalki Warakomska Memorial 7th"]
[Site "Suwalki"]
[Date "2023.08.09"]
[Round "4"]
[White "Praczukowski, Stanislaw"]
[Black "Fiedorek, Michal"]
[Result "1/2-1/2"]
[WhiteElo "2120"]
[BlackElo "2351"]
[PlyCount "63"]
[EventDate "2023.08.07"]
[EventType "swiss"]
[EventRounds "9"]
[EventCountry "POL"]
[SourceTitle "CBM 215 Extra"]
[Source "ChessBase"]
[SourceDate "2023.09.30"]
[SourceVersion "1"]
[SourceVersionDate "2023.09.30"]
[SourceQuality "1"]

1. Nf3 Nf6 2. g3 d5 3. Bg2 e6 4. 0-0 Be7 5. c4 0-0 6. d4 c6 7. Qc2 b6 8. Nbd2 Bb7 9. Rd1 Na6 10. b3 Rc8 11. Bb2 c5 12. a3 dxc4 13. Nxc4 Be4 14. Qd2 cxd4 15. Bxd4 Nc5 16. Qb2 Qe8 17. Be5 Na4 18. Qa2 b5 19. Ne3 Nc3 20. Bxc3 Rxc3 21. Rac1 Rxc1 22. Rxc1 Qd8 23. a4 a6 24. axb5 axb5 25. Qa6 b4 26. Qc4 Qa8 27. Qc7 Bd8 28. Qc5 Qa3 29. Rc4 Bxf3 30. Bxf3 Qxb3 31. Qxb4 Qxb4 32. Rxb4 1/2-1/2

[Event "Piestany op-A"]
[Site "Piestany"]
[Date "2023.07.18"]
[Round "8"]
[White "Nitish, Belurkar"]
[Black "Fiedorek, Michal"]
[Result "1-0"]
[WhiteElo "2426"]
[BlackElo "2332"]
[PlyCount "91"]
[EventDate "2023.07.11"]
[EventType "swiss"]
[EventRounds "9"]
[EventCountry "SVK"]
[SourceTitle "EXT 2024"]
[Source "ChessBase"]
[SourceDate "2023.10.10"]
[SourceVersion "1"]
[SourceVersionDate "2023.10.10"]
[SourceQuality "1"]

1. d4 d5 2. Nf3 Nf6 3. Bf4 c5 4. e3 e6 5. c3 Bd6 6. Ne5 Qc7 7. Nd2 Nbd7 8. Ndf3 cxd4 9. exd4 Ne4 10. Bb5 0-0 11. Nxd7 Bxd7 12. Bxd6 Qxd6 13. Bd3 a5 14. a4 Rfb8 15. Ne5 Be8 16. Qe2 f6 17. Bxe4 dxe4 18. Nc4 Qc6 19. Ne3 b5 20. axb5 Qxb5 21. Qxb5 Bxb5 22. Kd2 Bd3 23. Ra2 Rb3 24. Rha1 Rd8 25. Nd1 e5 26. d5 Rxd5 27. Rxa5 Rd6 28. Kc1 Kf7 29. Ne3 Kg6 30. h4 Rdb6 31. R1a2 Rb7 32. R5a3 R3b5 33. b4 Rc7 34. Kb2 Kh5 35. Ra7 Rbb7 36. Rxb7 Rxb7 37. g3 g5 38. hxg5 Kxg5 39. Ra8 Rg7 40. Rf8 Bb5 41. c4 Bd7 42. b5 f5 43. b6 Be6 44. c5 f4 45. gxf4+ exf4 46. Ng2 1-0

[Event "Piestany op-A"]
[Site "Piestany"]
[Date "2023.07.16"]
[Round "6"]
[White "Fiedorek, Michal"]
[Black "Jablonicky, Martin"]
[Result "1-0"]
[WhiteElo "2332"]
[BlackElo "2400"]
[PlyCount "147"]
[EventDate "2023.07.11"]
[EventType "swiss"]
[EventRounds "9"]
[EventCountry "SVK"]
[SourceTitle "EXT 2024"]
[Source "ChessBase"]
[SourceDate "2023.10.10"]
[SourceVersion "1"]
[SourceVersionDate "2023.10.10"]
[SourceQuality "1"]

1. e4 e5 2. Nf3 Nc6 3. Bb5 a6 4. Ba4 Nf6 5. 0-0 Be7 6. Re1 b5 7. Bb3 d6 8. c3 0-0 9. h3 Nb8 10. d4 Nbd7 11. c4 c6 12. Qc2 Bb7 13. Nc3 exd4 14. Nxd4 b4 15. Nb1 Re8 16. Bf4 Bf8 17. Nd2 Nc5 18. a3 Qb6 19. Nf5 d5 20. exd5 cxd5 21. axb4 Nxb3 22. Qxb3 Bxb4 23. Bd6 a5 24. c5 Qa6 25. Qg3 g6 26. Nh6+ Kg7 27. Nf5+ Kg8 28. Qg5 Qd3 29. Ne7+ Kg7 30. Be5 Ra6 31. c6 Bxe7 32. cxb7 Re6 33. b8Q Rxb8 34. Bxb8 Ne4 35. Qe3 Qxd2 36. Qxd2 Nxd2 37. Rxe6 fxe6 38. Rxa5 Nc4 39. Ra7 Kf6 40. b3 Nd2 41. Be5+ Kxe5 42. Rxe7 Nxb3 43. Rxh7 g5 44. Kf1 Nd4 45. Ke1 Nf5 46. Ke2 Ke4 47. Rh5 Nd4+ 48. Kd2 Kf4 49. Rh8 Nf5 50. Re8 Ke5 51. Kd3 Nh4 52. g3 Ng6 53. Ra8 Ne7 54. Ke3 Kf6 55. Kf3 Nc6 56. Kg4 Ne5+ 57. Kh5 Nd3 58. Rf8+ Kg7 59. Rf3 Ne5 60. Rb3 Kf6 61. Rb8 Nd3 62. Kh6 e5 63. Rb6+ Kf5 64. g4+ Ke4 65. Kxg5 Nxf2 66. h4 d4 67. h5 d3 68. h6 d2 69. Rb1 Kd3 70. h7 Ke2 71. Rb2 Nd3 72. Rxd2+ Kxd2 73. h8Q e4 74. Qh2+ 1-0

[Event "Piestany op-A"]
[Site "Piestany"]
[Date "2023.07.13"]
[Round "3"]
[White "Fus, Jakub"]
[Black "Fiedorek, Michal"]
[Result "1/2-1/2"]
[WhiteElo "2436"]
[BlackElo "2332"]
[PlyCount "53"]
[EventDate "2023.07.11"]
[EventType "swiss"]
[EventRounds "9"]
[EventCountry "SVK"]
[SourceTitle "EXT 2024"]
[Source "ChessBase"]
[SourceDate "2023.10.10"]
[SourceVersion "1"]
[SourceVersionDate "2023.10.10"]
[SourceQuality "1"]

1. e4 c5 2. Nf3 d6 3. d4 cxd4 4. Qxd4 Nf6 5. Be2 Nc6 6. Qe3 g6 7. 0-0 Bg7 8. h3 0-0 9. Rd1 Qa5 10. Nc3 Bd7 11. Bd2 Rfc8 12. Nb5 Qb6 13. Qxb6 axb6 14. Nc3 Na5 15. Rac1 Be6 16. b3 Nd7 17. Nd5 Nc6 18. a4 Bxd5 19. exd5 Nd4 20. Nxd4 Bxd4 21. c3 Bg7 22. Bg4 f5 23. Bf3 b5 24. axb5 Ra3 25. b4 Bxc3 26. Bg5 Kf7 27. Rd3 1/2-1/2

[Event "Titled Tuesday intern op 04th Jul Early"]
[Site "Chess.com INT"]
[Date "2023.07.04"]
[Round "9"]
[White "Fiedorek, Michal"]
[Black "Ahmad, Khagan"]
[Result "0-1"]
[WhiteElo "2332"]
[BlackElo "2340"]
[PlyCount "126"]
[EventDate "2023.07.04"]
[EventType "swiss (blitz)"]
[EventRounds "11"]
[EventCountry "USA"]
[SourceTitle "EXT 2024"]
[Source "ChessBase"]
[SourceDate "2023.10.10"]
[SourceVersion "1"]
[SourceVersionDate "2023.10.10"]
[SourceQuality "1"]

1. e4 c5 2. Nf3 d6 3. Bb5+ Bd7 4. Bxd7+ Qxd7 5. c4 e5 6. 0-0 Be7 7. Nc3 Bd8 8. Ne1 Ne7 9. Nc2 Nbc6 10. d3 Ba5 11. Ne3 Bxc3 12. bxc3 0-0 13. Nd5 Nxd5 14. cxd5 Ne7 15. f4 exf4 16. Bxf4 f5 17. c4 Ng6 18. Qd2 fxe4 19. dxe4 Nxf4 20. Rxf4 Qe7 21. Raf1 Rxf4 22. Qxf4 Rf8 23. Qxf8+ Qxf8 24. Rxf8+ Kxf8 25. Kf2 Ke7 26. Ke3 Kf6 27. Kf4 g5+ 28. Ke3 Ke5 29. a4 g4 30. a5 a6 31. h3 gxh3 32. gxh3 h6 33. h4 h5 34. Kf3 Kd4 35. Kf4 Kxc4 36. Kf5 Kd4 37. e5 c4 38. exd6 c3 39. d7 c2 40. d8Q c1Q 41. Qf6+ Kc5 42. Qf8+ Kb5 43. Qe8+ Kxa5 44. d6 Qf1+ 45. Ke6 Qe2+ 46. Kd7 Qb5+ 47. Kd8 Qb6+ 48. Ke7 Qe3+ 49. Kf7 Qf4+ 50. Ke6 Qe4+ 51. Kd7 Qc6+ 52. Ke7 Qe4+ 53. Kd8 Qxh4+ 54. Qe7 Qd4 55. d7 Kb6 56. Qe6+ Ka7 57. Ke7 Qg7+ 58. Ke8 Qh8+ 59. Ke7 Qg7+ 60. Qf7 Qe5+ 61. Kd8 Kb8 62. Qf8 h4 63. Qb4 Qf6+ 0-1

[Event "Titled Tuesday intern op 04th Jul Early"]
[Site "Chess.com INT"]
[Date "2023.07.04"]
[Round "4"]
[White "Fiedorek, Michal"]
[Black "Fernandez, Gerardo"]
[Result "1/2-1/2"]
[WhiteElo "2332"]
[BlackElo "2181"]
[PlyCount "87"]
[EventDate "2023.07.04"]
[EventType "swiss (blitz)"]
[EventRounds "11"]
[EventCountry "USA"]
[SourceTitle "EXT 2024"]
[Source "ChessBase"]
[SourceDate "2023.10.10"]
[SourceVersion "1"]
[SourceVersionDate "2023.10.10"]
[SourceQuality "1"]

1. e4 e6 2. d3 d5 3. Nd2 Nf6 4. g3 Nc6 5. Bg2 dxe4 6. dxe4 e5 7. Ngf3 Bc5 8. 0-0 a5 9. c3 b6 10. Re1 Ng4 11. Rf1 Ba6 12. c4 Bxc4 13. Nxc4 Qxd1 14. Rxd1 Nxf2 15. Be3 Bxe3 16. Nxe3 Nxd1 17. Rxd1 Rd8 18. Rc1 Nd4 19. Rxc7 Nxf3+ 20. Bxf3 0-0 21. Nd5 f5 22. exf5 Kh8 23. Be4 Rc8 24. Rxc8 Rxc8 25. Nxb6 Rb8 26. Nc4 a4 27. Bc2 Rb4 28. b3 axb3 29. axb3 e4 30. Kf2 Rb5 31. g4 h5 32. h3 hxg4 33. hxg4 Kh7 34. Ke3 Kh6 35. Kf4 Rb4 36. g5+ Kh5 37. Ne3 Rd4 38. Bxe4 Rb4 39. Ng2 Rxb3 40. Bf3+ Rxf3+ 41. Kxf3 Kxg5 42. Ke4 g6 43. Ne3 gxf5+ 44. Nxf5 1/2-1/2